<?xml version="1.0" encoding="UTF-8"?>
<record
    xmlns:xsi="http://www.w3.org/2001/XMLSchema-instance"
    xsi:schemaLocation="http://www.loc.gov/MARC21/slim http://www.loc.gov/standards/marcxml/schema/MARC21slim.xsd"
    xmlns="http://www.loc.gov/MARC21/slim">

  <leader>00806cam a22002171  4500</leader>
  <controlfield tag="001">ne 64003200 </controlfield>
  <controlfield tag="003">DLC</controlfield>
  <controlfield tag="005">20260227111807.0</controlfield>
  <controlfield tag="008">810828m19639999sy ac    b    000 0 arar </controlfield>
  <datafield tag="010" ind1=" " ind2=" ">
    <subfield code="a">ne 64003200 </subfield>
  </datafield>
  <datafield tag="035" ind1=" " ind2=" ">
    <subfield code="a">(OCoLC)7710329</subfield>
  </datafield>
  <datafield tag="040" ind1=" " ind2=" ">
    <subfield code="a">DLC</subfield>
    <subfield code="c">TU</subfield>
    <subfield code="d">TU</subfield>
    <subfield code="d">DLC</subfield>
  </datafield>
  <datafield tag="050" ind1="0" ind2="0">
    <subfield code="a">DS99.M2</subfield>
    <subfield code="b">J8</subfield>
  </datafield>
  <datafield tag="100" ind1="1" ind2=" ">
    <subfield code="a">Jund&#x12B;, Mu&#x1E25;ammad Sal&#x12B;m.</subfield>
  </datafield>
  <datafield tag="245" ind1="1" ind2="0">
    <subfield code="a">T&#x101;r&#x12B;kh Ma&#x2BB;arrat al-Nu&#x2BB;m&#x101;n,</subfield>
    <subfield code="c">[ta&#x2BC;l&#x12B;f] Mu&#x1E25;ammad Sal&#x12B;m al-Jund&#x12B;.  Haqqaqahu wa&#x2BB;allaqa alayh wa-wa-&#x1E0D;a&#x2BB;a fah&#x101;risah&#x16B; &#x2BB;Omar Ri&#x1E0D;a Ka&#x1E25;alah.</subfield>
  </datafield>
  <datafield tag="260" ind1=" " ind2=" ">
    <subfield code="a">Dimashq [Syria]</subfield>
    <subfield code="b">Wazarat al-thaqafah wa-al-Irshad al-Qawm&#x12B;, Mud&#x12B;r&#x12B;yat al-ta&#x2BC;l&#x12B;f wa-al-tarjamah.</subfield>
    <subfield code="c">1963-</subfield>
  </datafield>
  <datafield tag="300" ind1=" " ind2=" ">
    <subfield code="a">v.</subfield>
    <subfield code="b">illus., port.</subfield>
    <subfield code="c">26 cm.</subfield>
  </datafield>
  <datafield tag="440" ind1=" " ind2="0">
    <subfield code="a">Silsilat bil&#x101;din&#x101;,</subfield>
    <subfield code="v">4</subfield>
  </datafield>
  <datafield tag="504" ind1=" " ind2=" ">
    <subfield code="a">Bibliographical footnotes.</subfield>
  </datafield>
  <datafield tag="651" ind1=" " ind2="0">
    <subfield code="a">Ma&#x2BB;arrat al-Nu&#x2BB;m&#x101;n (Syria)</subfield>
  </datafield>
  <datafield tag="999" ind1=" " ind2=" ">
    <subfield code="c">47658</subfield>
    <subfield code="d">47658</subfield>
  </datafield>
</record>
